Derecho societario: normas comerciales, tributarias y derecho comparado. Principios rectores societarios, sociedades de responsabilidad limitada y en comandita simple mercantil, asociaciones carentes de personalidad jurídica

Saved in:
Bibliografiske detaljer
Hovedforfatter: Cárcamo Vogel, Carlos (Author)
Format: Bog
Sprog:spansk
Udgivet: Santiago Editorial El Jurista 2018
Udgivelse:1a. ed
Fag:
Tags: Tilføj Tag
Ingen Tags, Vær først til at tagge denne postø!

MARC

LEADER 00000cam a2200000 a 4500
001 UCC2593
003 CL-VaPUC
008 180309e20180100cl |||||||||||||||||spa|d
020 |a 9789563670233 
082 0 4 |a 346.07  |b CAR  |2 21 
100 0 |a Cárcamo Vogel, Carlos  |e author  |9 596657 
245 1 0 |a Derecho societario: normas comerciales, tributarias y derecho comparado. Principios rectores societarios, sociedades de responsabilidad limitada y en comandita simple mercantil, asociaciones carentes de personalidad jurídica 
250 |a 1a. ed 
300 |a 645 p 
942 |c BK 
945 |d 20180309 22:06:00  |a arojas 
260 |a Santiago  |b Editorial El Jurista  |c 2018 
650 0 |a Sociedades  |9 259052 
650 0 |a Derecho comparado  |9 255664 
650 0 |a Derecho comercial   |9 256340 
583 |a last modification  |c 20180309 22:06:00  |k Rodrigo Vera 
999 |c 370655  |d 370653 
952 |0 0  |1 0  |3 erd  |4 0  |6 346_070000000000000_CAR_2018  |7 0  |8 A  |9 487228  |a BIBDER  |b BIBDER  |i 5453690  |l 6  |m 1  |o 346.07 CAR 2018  |p 5453690  |r 2025-04-23  |s 2025-04-23  |w 2019-11-24  |y BK  |z Catalogado en:20180309  |k DER